000
00285nam a22001217a 4500
008
160511b xxu||||| |||| 00| 0 eng d
020
_a
9780761918097
020
_a
0761918094
041
_a
eng
080
_a
61
245
_a
Taking my place in medicine:
_c
Carmen Webb;
942
_2
udc
_c
BK
999
_c
2011
_d
2011